000 00603nam a2200229Ia 4500
003 OSt
005 20220923230315.0
006 a|||||r|||| 00| 0
007 ta
008 Pun
024 _a279,280
037 _cTextual
040 _aARTS
_cARTS
_bPun
041 _2Pun
_aPun
082 _aO153,1M91x, N1
100 _aਘੱਪਣ, ਹਰਬੰਸ ਲਾਲ
245 0 _aਰਾਤ ਪ੍ਰਭਾਤ
260 _c1991
650 _aਪੰਜਾਬੀ ਸਾਹਿਤ
942 _hO153,1M91x, N1
_cTEXL
_2CC
999 _c383823
_d383823